000 01013cam a2200313 4500
999 _c23560
_d23560
001 vtls011999726
005 20230920115714.0
008 220509s2020 xo er 000 f slo
020 _a9788055174808
_q(viazané)
035 _aurn:nbn:sk:snk-am00ggjj
035 _aurn:nbn:sk:snk-am3j7jk
035 _a16ED13CB-98DA-4004-9CF8-BFA5CE2271FB
040 _aTVZK
_bslo
_cTVZK
_erda
041 0 _aslo
044 _axo
_cSK
072 7 _a821.162.4-3
_xSlovenská próza
_2konspekt
080 _a821.162.4-31
_22011
100 1 _aMacháčová, Adriana,
_d1966-
_4aut
_92399
245 1 0 _aDokonalý manžel
_cAdriana Macháčová
264 1 _aBratislava
_bIkar
_c2020
300 _a237 strán
_c21 cm
336 _atext
_btxt
_2rdacontent
337 _abez média
_bn
_2rdamedia
338 _azväzok
_bnc
_2rdacarrier
500 _aObsahuje krátke biografické údaje o autorke na prebale publikácie
655 7 _aslovenské romány
_2SNKPH
_91694
655 7 _aSlovak fiction
_2SNKPHeng
_91695
958 _aLX